Collaborative management of forests for conservation and development / (Registro nro. 1242)
[ vista simple ]
| 000 -CABECERA | |
|---|---|
| Campo de control | 00952cam a2200277 i 4500 |
| 005 - FECHA Y HORA DE LA ULTIMA TRANSACCION | |
| Campo de control | 20160909113101.0 |
| 008 - ELEMENTOS DE LONGITUD FIJA—INFORMACION GENERAL | |
| Campo de control | 960822s1995 enk 000 0 eng d |
| 015 ## - NATIONAL BIBLIOGRAPHY NUMBER | |
| National bibliography number | GB96-68794 |
| 020 ## - ISBN | |
| ISBN | 2831702771 |
| 040 ## - FUENTE DE CATALOGACIÓN | |
| Agencia catalogadora original | Uk |
| Agencia transcriptora | Uk |
| Agencia Modificadora | CO-BoIAVH |
| 041 ## - IDIOMA | |
| Código de idioma para texto/pista de sonido o título separado | Inglés |
| 082 04 - NUMERO DE CLASIFICACION DECIMAL DEWEY | |
| Número de clasificación | 333.7515 |
| Número del ítem | F53c |
| 100 1# - ASIENTO PRINCIPAL--NOMBRE PERSONAL | |
| Nombre personal | Fisher, R. J. |
| 9 (RLIN) | 11424 |
| 245 10 - MENCION DE TITULO | |
| Título | Collaborative management of forests for conservation and development / |
| Mención de responsabilidad | R. J. Fisher. |
| 246 18 - FORMA VARIANTE DEL TITULO | |
| Título propiamente dicho/forma breve del título | Collaborative management of forests |
| 260 ## - PUBLICACION, DISTRIBUCION, ETC. (PIE DE IMPRENTA) | |
| Lugar de publicación, distribución, etc. | Gland : |
| Nombre del editor, distribuidor, etc. | IUCN : |
| -- | World Wide Fund for Nature, |
| Fecha de publicación, distribución, etc. | c1995. |
| 300 ## - DESCRIPCION FISICA | |
| Extensión | 65 páginas ; |
| Dimensiones | 30 cm. |
| 650 14 - ASIENTO SECUNDARIO DE MATERIA - TERMINO TEMATICO | |
| Término temático o nombre geográfico como elemento de entrada | Administración forestal |
| 9 (RLIN) | 61894 |
| 650 24 - ASIENTO SECUNDARIO DE MATERIA - TERMINO TEMATICO | |
| Término temático o nombre geográfico como elemento de entrada | Desarrollo forestal |
| 9 (RLIN) | 61895 |
| 650 24 - ASIENTO SECUNDARIO DE MATERIA - TERMINO TEMATICO | |
| Término temático o nombre geográfico como elemento de entrada | Bosques |
| 9 (RLIN) | 61896 |
| 650 24 - ASIENTO SECUNDARIO DE MATERIA - TERMINO TEMATICO | |
| Término temático o nombre geográfico como elemento de entrada | Política forestal |
| 9 (RLIN) | 61897 |
| 650 24 - ASIENTO SECUNDARIO DE MATERIA - TERMINO TEMATICO | |
| 9 (RLIN) | 42966 |
| Término temático o nombre geográfico como elemento de entrada | Conservacion forestal |
| 710 2# - ASIENTO SECUNDARIO - NOMBRE CORPORATIVO | |
| Nombre corporativo o de jurisdicción como elemento de entrada | International Union for Conservation of Nature and Natural Resources. |
| 9 (RLIN) | 61898 |
| 710 2# - ASIENTO SECUNDARIO - NOMBRE CORPORATIVO | |
| Nombre corporativo o de jurisdicción como elemento de entrada | World Wide Fund for Nature. |
| 9 (RLIN) | 23805 |
| 942 ## - ELEMENTOS ADICIONALES (KOHA) | |
| Sistema de clasificación | Dewey Decimal Classification |
| Tipo de ítem | Libro |
| Withdrawn status | Lost status | Sistema de Clasificación | Damaged status | No para préstamo | Colección | Inventariado | Ubicación Permanente | Ubicación actual | Fecha de adquisición | Fuente de Valor | Valor | Total Checkouts | Número topográfico | Inventario / Código de Barras | Date last seen | Ejemplar | Price effective from | Forma de adquisición | Tipo de material |
|---|---|---|---|---|---|---|---|---|---|---|---|---|---|---|---|---|---|---|---|
| Dewey Decimal Classification | General | Inventariado 2017 | Bogotá | Bogotá | 26/04/1999 | Instituto | 39000.00 | LB-333.7515 F53c | 001679 | 04/12/2012 | Ej. 1 | 04/12/2012 | Libro |